| 000 | 05716nam a22007455i 4500 | ||
|---|---|---|---|
| 001 | 978-3-030-86211-4 | ||
| 003 | DE-He213 | ||
| 005 | 20260304124427.0 | ||
| 007 | cr nn 008mamaa | ||
| 008 | 220131s2022 sz | s |||| 0|eng d | ||
| 020 |
_a9783030862114 _9978-3-030-86211-4 |
||
| 024 | 7 |
_a10.1007/978-3-030-86211-4 _2doi |
|
| 050 | 4 | _aQC851-999 | |
| 072 | 7 |
_aRBP _2bicssc |
|
| 072 | 7 |
_aSCI042000 _2bisacsh |
|
| 072 | 7 |
_aRBP _2thema |
|
| 082 | 0 | 4 |
_a551.6 _223 |
| 245 | 1 | 0 |
_aClimate Adaptation Modelling _h[electronic resource] / _cedited by Claus Kondrup, Paola Mercogliano, Francesco Bosello, Jaroslav Mysiak, Enrico Scoccimarro, Angela Rizzo, Rhian Ebrey, Marleen de Ruiter, Ad Jeuken, Paul Watkiss. |
| 250 | _a1st ed. 2022. | ||
| 264 | 1 |
_aCham : _bSpringer International Publishing : _bImprint: Springer, _c2022. |
|
| 300 |
_aXVII, 238 p. 49 illus., 46 illus. in color. _bonline resource. |
||
| 336 |
_atext _btxt _2rdacontent |
||
| 337 |
_acomputer _bc _2rdamedia |
||
| 338 |
_aonline resource _bcr _2rdacarrier |
||
| 347 |
_atext file _bPDF _2rda |
||
| 490 | 1 |
_aSpringer Climate, _x2352-0701 |
|
| 505 | 0 | _aIntroduction from DG-CLIMA -- Introduction from the Editors -- Challenges for adaptation modelling -- Hazard, exposure and vulnerability modelling -- Sectoral models for impact and adaptation assessment -- Adaptation modelling and policy action -- Conclusions. | |
| 506 | 0 | _aOpen Access | |
| 520 | _aThis open access book focuses on an issue only marginally tackled by this literature: the still existing gap between adaptation science and modelling and the possibility to effectively access and exploit the information produced by policy making at different levels, international, national and local. To do so, the book presents the proceedings of a high-level expert workshop on adaptation modelling, integrated with main results from the “Study on Adaptation Modelling” (SAM-PS) commissioned by the European Commission's Directorate-General for Climate Action (DG CLIMA) and implemented by the CMCC Foundation – Euro-Mediterranean Centre on Climate Change, in collaboration with the Institute for Environmental Studies (IVM), Deltares, and Paul Watkiss Associates (PWA). What is the latest development in adaptation modelling? Which tools and information are available for adaptation assessment? How much are they practically usable by the policy community? How their uptake by practitioners can be improved? What are the major research gaps in adaptation modelling that needs to be covered in the next future? How? This book addresses these questions presenting the results of a study on adaptation modelling commissioned by the European Commission's Directorate-General for Climate Action (DG CLIMA) enriched by the outcomes of a high-level expert workshop on adaptation also part of the research. This book aspires to provide a useful support to academics, policy makers and practitioners in the field of adaptation to orient them in the expanding adaptation modelling assessment literature and suggest practical ways for its application. This book, mainly addressed to academics, policy makers and practitioners in the field of adaptation, aims to providing orientation in the large and expanding methodological/quantitative literature, presenting novelties, guiding in the practical application of adaptation assessments and suggesting lines for future research. . | ||
| 650 | 0 | _aClimatology. | |
| 650 | 0 | _aNatural disasters. | |
| 650 | 0 |
_aEcology _xMethodology. _921680 |
|
| 650 | 0 | _aBioclimatology. | |
| 650 | 0 | _aEarth sciences. | |
| 650 | 0 | _aGeography. | |
| 650 | 1 | 4 | _aClimate Sciences. |
| 650 | 2 | 4 | _aNatural Hazards. |
| 650 | 2 | 4 |
_aEcological Modelling. _921682 |
| 650 | 2 | 4 | _aClimate Change Ecology. |
| 650 | 2 | 4 | _aEarth and Environmental Sciences. |
| 700 | 1 |
_aKondrup, Claus. _eeditor. _4edt _4http://id.loc.gov/vocabulary/relators/edt _923750 |
|
| 700 | 1 |
_aMercogliano, Paola. _eeditor. _0(orcid)0000-0001-7236-010X _1https://orcid.org/0000-0001-7236-010X _4edt _4http://id.loc.gov/vocabulary/relators/edt _923751 |
|
| 700 | 1 |
_aBosello, Francesco. _eeditor. _0(orcid)0000-0001-8492-219X _1https://orcid.org/0000-0001-8492-219X _4edt _4http://id.loc.gov/vocabulary/relators/edt _923752 |
|
| 700 | 1 |
_aMysiak, Jaroslav. _eeditor. _4edt _4http://id.loc.gov/vocabulary/relators/edt _923753 |
|
| 700 | 1 |
_aScoccimarro, Enrico. _eeditor. _0(orcid)0000-0001-7987-4744 _1https://orcid.org/0000-0001-7987-4744 _4edt _4http://id.loc.gov/vocabulary/relators/edt _923754 |
|
| 700 | 1 |
_aRizzo, Angela. _eeditor. _4edt _4http://id.loc.gov/vocabulary/relators/edt _923755 |
|
| 700 | 1 |
_aEbrey, Rhian. _eeditor. _4edt _4http://id.loc.gov/vocabulary/relators/edt _923756 |
|
| 700 | 1 |
_aRuiter, Marleen de. _eeditor. _4edt _4http://id.loc.gov/vocabulary/relators/edt _923757 |
|
| 700 | 1 |
_aJeuken, Ad. _eeditor. _0(orcid)0000-0002-6903-5493 _1https://orcid.org/0000-0002-6903-5493 _4edt _4http://id.loc.gov/vocabulary/relators/edt _923758 |
|
| 700 | 1 |
_aWatkiss, Paul. _eeditor. _4edt _4http://id.loc.gov/vocabulary/relators/edt _923759 |
|
| 710 | 2 | _aSpringerLink (Online service) | |
| 773 | 0 | _tSpringer Nature eBook | |
| 776 | 0 | 8 |
_iPrinted edition: _z9783030862107 |
| 776 | 0 | 8 |
_iPrinted edition: _z9783030862121 |
| 776 | 0 | 8 |
_iPrinted edition: _z9783030862138 |
| 830 | 0 |
_aSpringer Climate, _x2352-0701 |
|
| 856 | 4 | 0 | _uhttps://doi.org/10.1007/978-3-030-86211-4 |
| 912 | _aZDB-2-EES | ||
| 912 | _aZDB-2-SXEE | ||
| 912 | _aZDB-2-SXPE | ||
| 912 | _aZDB-2-SOB | ||
| 999 |
_c579858 _d579858 |
||